Statistics for Top 40 One-Syllable Human Body Parts

Click here to take the quiz!

General Stats

  • This quiz has been taken 701 times
  • The average score is 28 of 40

Answer Stats

Answer % Correct
Eye
98%
Ear
96%
Toe
94%
Leg
94%
Arm
94%
Nose
91%
Foot
90%
Knee
89%
Hair
87%
Neck
84%
Head
82%
Hand
81%
Lip
81%
Heart
81%
Tongue
79%
Tooth
78%
Nail
76%
Mouth
75%
Back
75%
Lung
74%
Hip
72%
Skin
67%
Wrist
67%
Cheek
66%
Thigh
65%
Chin
62%
Bone
62%
Chest
62%
Rib
61%
Brain
57%
Throat
51%
Breast
51%
Thumb
49%
Brow
49%
Spine
49%
Jaw
49%
Heel
48%
Shin
47%
Calf
42%
Vein
39%

Score Distribution

Percentile by Number Answered

Percent of People with Each Score

Your Score History

You have not taken this quiz